000 00591nam a2200193Ii 4500
003 JO-AjNU
008 230606s9999||||xx |||||||||||||| ||und||
020 _a978-0-19-437-2060
040 _aJO-AjNU
_beng
_erda
_cJO-AjNU
041 _aeng
050 1 4 _a P125 2009
245 0 0 _aمخرج/ بموجب مستند اخراج رقم 14
264 3 1 _aNew York:Oxford University Press,2009
300 _a134p
336 _atext
_btxt
_2rdacontent
337 _aunmediated
_bn
_2rdamedia
338 _avolume
_bnc
_2rdacarrier
650 4 _aLinguistics-Oxford Introdution To Language Study
_91975
999 _aE1038
_c1038
_d1038